| 000 | 00923nam a2200265Ia 4500 | ||
|---|---|---|---|
| 003 | OSt | ||
| 005 | 20220918171440.0 | ||
| 006 | a|||||r|||| 00| 0 | ||
| 007 | ta | ||
| 008 | 220917b |||||||| |||| 00| 0 eng d | ||
| 020 |
_a9781784711955 (hbk) _cUKP 110.00 |
||
| 024 | _a320,796 | ||
| 037 |
_bBBS/98, 10/03/2017, Better Book Services _cTextual |
||
| 040 |
_aARTS _cARTS _beng |
||
| 041 |
_2eng _aeng |
||
| 082 | _aY73(P15):(U42), Q6 | ||
| 100 |
_aTaylor Andrew [et...al] Ed. _936606 |
||
| 245 | 0 |
_aSettlements at the edge _b remote human settlements in developed nations |
|
| 260 |
_aCheltenham _bEdward Elgar Publishing UK _c2016 |
||
| 300 |
_axxxi,449p. _ccm. |
||
| 490 | _aNew Horizons in regional science | ||
| 650 | _aIMMIGRATION AND EMIGRATION | ||
| 942 |
_hY73(P15):(U42), Q6 _cTEXL _2CC |
||
| 999 |
_c139592 _d139592 |
||